Pitan'je o Ćirilu i Metodiju

Bibliographic Details
Main Author: Jagić, Vatroslav, 1838-1923 (Author)
Format: Book
Language:Serbian
PhysicalDescription:54 s.
Published: Beograd U kral'. spr. državnoj štampariji 1890

MARC

LEADER 00000nam a2200000 a 4500
001 vtls001355532
003 SK-MaSNL
005 20260301010511.0
008 240313s1890 rb 0 srp
035 |a SNK000308995 
040 |a SNK  |b slo  |c SNK  |e AACR2 
041 0 |a srp 
044 |a rb 
100 1 |a Jagić, Vatroslav,  |d 1838-1923  |4 aut  |9 292410 
245 1 0 |a Pitan'je o Ćirilu i Metodiju  |c V. Jagić 
260 |a Beograd  |b U kral'. spr. državnoj štampariji  |c 1890 
300 |a 54 s. 
958 |a ONDV 
999 |c 548280  |d 550210 
952 |t P60, <04>, [BOOK], {604}  |a SNK  |b SNK  |y VYP  |7 0  |p 17A0180205  |o snkIC 380  |0 0  |1 0  |4 0  |d 1999-02-18  |l 0  |r 2005-01-02 00:00:00  |w 2026-02-23